• 首页
  • 本馆介绍
  • 公告通知
  • 最新文献
  • 馆藏检索
  • 电子资源
  • 读者导购
  • 参考咨询
  • 我的图书馆
  • 登录
  • 详细信息显示
  • 放入我的书架
  • 预约/预借图书
  • 作者相关作品
  • 分类相关作品
  • 丛书相关作品
  • 出版社相关作品

书目信息

  • 表格格式
  • 工作单格式
  • 卡片格式
题名:
与梦想相约
    
 
作者: 董祥玉 著
分册:  
出版信息: 成都   四川大学出版社  2018
页数: 202页
开本: 24cm
丛书名:
单 册:
中图分类: G635.16-53
科图分类:
主题词: 高中--班主任工作--文集
电子资源:
ISBN: 978-7-5690-1589-8
000 00955nam0 2200241 450
001 012001003616
005 20131013170235.0
010    @a978-7-5690-1589-8@dCNY38.00
100    @a20181129d2018 em y0chiy50 ea
101 0  @achi
102    @aCN@b510000
105    @aa z 000yy
106    @ar
200 1  @a与梦想相约@Ayu meng xiang xiang yue@e一个县中年级主任的教育行走@f董祥玉著
210    @a成都@c四川大学出版社@d2018
215    @a202页@c照片@d24cm
330    @a本书收录了《班主任要加强自身的修为》《谈谈教师的境界》《高三复习备考的四个阶段》《优秀是怎样炼成的》《做合格的家长》《为了孩子的美好明天》《新课堂教学要处理好十二对关系》《构建立体多维的教师评价体系》等文章。
517 1  @a一个县中年级主任的教育行走@Ayi ge xian zhong nian ji zhu ren de jiao yu xing zou
606 0  @a高中@x班主任工作@j文集
690    @aG635.16-53@v5
701  0 @a董祥玉@Adong xiang yu@4著
801    @b江苏凤凰@c20191020
905    @b1233419-24@dG635.16-53@e1537@f6
    
    与梦想相约:一个县中年级主任的教育行走/董祥玉著.-成都:四川大学出版社,2018
    202页:照片;24cm
    
    
    ISBN 978-7-5690-1589-8:CNY38.00
    本书收录了《班主任要加强自身的修为》《谈谈教师的境界》《高三复习备考的四个阶段》《优秀是怎样炼成的》《做合格的家长》《为了孩子的美好明天》《新课堂教学要处理好十二对关系》《构建立体多维的教师评价体系》等文章。
●
相关链接 在E读中查询图书 在五车中查询图书 在当当中查询图书 在豆瓣中查询图书


正题名:与梦想相约     索取号:G635.16-53/1537         预约/预借

序号 登录号 条形码 馆藏地/架位号 状态 备注
1 1233419   212334197   第一样本阅览室/ [索取号:G635.16-53/1537] 在馆    
2 1233420   212334204   第四借阅区/ [索取号:G635.16-53/1537] 在馆    
3 1233421   212334213   第四借阅区/ [索取号:G635.16-53/1537] 在馆    
4 1233422   212334222   教育系资料室/ [索取号:G635.16-53/1537] 在馆    
5 1233423   212334231   教育系资料室/ [索取号:G635.16-53/1537] 在馆    
6 1233424   212334240   教育系资料室/ [索取号:G635.16-53/1537] 在馆    
唐山师范学院图书馆 欢迎您!
大连网信软件有限公司© 版权所有